[Event "Landesklasse Ost 2024/25"]
[Site "?"]
[Date "2025.05.11"]
[Round "9.7"]
[White "Reuter, Luca Marek"]
[Black "Pods, Werner"]
[Result "1-0"]
[WhiteElo "1732"]
[BlackElo "1448"]
[PlyCount "47"]
[EventDate "2024.09.15"]
[EventType "team-tourn"]
[EventRounds "9"]
[WhiteTeam "SV Empor Erfurt 2"]
[BlackTeam "MTV 1876 Saalfeld"]

1. e4 c5 2. a3 Nc6 3. b4 cxb4 4. axb4 Nxb4 5. d4 Qc7 6. c3 Nc6 7. Bc4 Nf6 8. e5 Nxe5 9. dxe5 Qxe5+ 10. Ne2 b6 11. Bf4 Qc5 12. Bd3 Bb7 13. O-O Qc6 14. f3 e6 15. Kh1 Bc5 16. Nd4 Bxd4 17. cxd4 O-O 18. Na3 a6 19. Rc1 Qd5 20. Nc2 g6 21. Be5 Ng4 22. Be4 Qxe4 23. fxe4 Bxe4 24. Qxg4 1-0

[Event "Landesklasse Ost 2024/25"]
[Site "?"]
[Date "2025.05.11"]
[Round "9.8"]
[White "Ratay, Meike"]
[Black "Günther, Oliver"]
[Result "1-0"]
[WhiteElo "1912"]
[BlackElo "1737"]
[PlyCount "59"]
[EventDate "2024.09.15"]
[EventType "team-tourn"]
[EventRounds "9"]
[WhiteTeam "MTV 1876 Saalfeld"]
[BlackTeam "SV Empor Erfurt 2"]

1. e4 c5 2. Nf3 a6 3. d4 cxd4 4. Nxd4 Nf6 5. Nc3 e5 6. Nf5 d5 7. Ng3 d4 8. Nce2 h5 9. h4 Nc6 10. f4 Qa5+ 11. Bd2 Qb6 12. fxe5 Nxe5 13. Bf4 Bb4+ 14. c3 dxc3 15. bxc3 Nfg4 16. Bxe5 Qf2+ 17. Kd2 Qe3+ 18. Kc2 Qxg3 19. Bxg3 Ne3+ 20. Kd2 Nxd1 21. cxb4 Nb2 22. Nc3 Be6 23. Kc2 Nc4 24. Bxc4 Bxc4 25. Nd5 Bxd5 26. exd5 Rc8+ 27. Kd3 Kd7 28. Rac1 Rhe8 29. Rxc8 Rxc8 30. Bf4 1-0

[Event "Landesklasse Ost 2024/25"]
[Site "?"]
[Date "2025.05.11"]
[Round "9.1"]
[White "Weiß, Thomas"]
[Black "Kaipalath, Varun Raj"]
[Result "0-1"]
[WhiteElo "1947"]
[BlackElo "1842"]
[PlyCount "46"]
[EventDate "2024.09.15"]
[EventType "team-tourn"]
[EventRounds "9"]
[WhiteTeam "SSV Vimaria 91 Weimar 2"]
[BlackTeam "SV Schott Jena 2"]

{[%evp 0,46,19,31,14,-14,43,38,37,20,24,25,18,17,22,38,43,38,49,45,52,60,59,56,58,45,53,53,47,0,-2,-7,9,2,12,12,11,11,34,28,40,11,27,-179,-199,-197,-202,-1010,-353]} 1. d4 Nf6 2. c4 g6 3. Nc3 Bg7 4. g3 d6 5. Bg2 O-O 6. Nf3 c6 7. O-O Bg4 8. h3 Bxf3 9. Bxf3 Qc7 10. b3 Nbd7 11. Bb2 Rfe8 12. Rc1 Rad8 13. Rc2 e5 14. dxe5 dxe5 15. Qa1 Nf8 16. Rd1 Ne6 17. Rcd2 Rxd2 18. Rxd2 Nd4 19. Bg2 Rd8 20. Kf1 Bf8 21. Nd1 Nxb3 22. axb3 Rxd2 23. Bxe5 Rxd1+ 0-1

[Event "Landesklasse Ost 2024/25"]
[Site "?"]
[Date "2025.05.11"]
[Round "9.2"]
[White "Will, Jonas"]
[Black "Gräf, Michael"]
[Result "0-1"]
[WhiteElo "1852"]
[BlackElo "1843"]
[PlyCount "54"]
[EventDate "2024.09.15"]
[EventType "team-tourn"]
[EventRounds "9"]
[WhiteTeam "SV Schott Jena 2"]
[BlackTeam "SSV Vimaria 91 Weimar 2"]

{[%evp 0,54,14,36,67,68,48,31,30,41,35,-42,6,-50,-13,-17,11,-10,12,-6,38,29,35,27,95,95,112,130,330,35,70,82,120,135,143,158,127,119,127,-219,-206,-225,-227,-181,-181,-165,-188,-189,-207,-261,-286,-276,-271,-277,-243,-29999,-30000]} 1. e4 c6 2. d4 d5 3. f3 e6 4. Nc3 Bb4 5. Bd3 dxe4 6. fxe4 Qxd4 7. Bd2 Nf6 8. Nf3 Qc5 9. Qe2 Nbd7 10. a3 Bxc3 11. Bxc3 O-O 12. Bb4 Qb6 13. Bxf8 Qxb2 14. O-O Nxf8 15. e5 Nd5 16. Ng5 f5 17. exf6 Nxf6 18. Bc4 b5 19. Bxe6+ Bxe6 20. Nxe6 Re8 21. Rab1 Qxa3 22. Rxf6 gxf6 23. Qg4+ Ng6 24. Nd4 Qe3+ 25. Kf1 Re4 26. Qc8+ Kf7 27. Nxc6 Rf4# 0-1

[Event "Landesklasse Ost 2024/25"]
[Site "?"]
[Date "2025.05.11"]
[Round "9.3"]
[White "Aweh, Mads"]
[Black "Kavehei, Hamed"]
[Result "0-1"]
[WhiteElo "1850"]
[BlackElo "1735"]
[PlyCount "48"]
[EventDate "2024.09.15"]
[EventType "team-tourn"]
[EventRounds "9"]
[WhiteTeam "SSV Vimaria 91 Weimar 2"]
[BlackTeam "SV Schott Jena 2"]

1. e4 e6 2. d4 d5 3. exd5 exd5 4. Bf4 Bd6 5. Bxd6 Qxd6 6. Bd3 Qb4+ 7. Nc3 c6 8. Qd2 Qxd4 9. O-O-O Qf6 10. Re1+ Be6 11. f4 Ne7 12. h3 h5 13. Nf3 Nd7 14. f5 Nxf5 15. Bxf5 Qxf5 16. Nd4 Qg6 17. Nxe6 fxe6 18. Nxd5 cxd5 19. Qxd5 O-O-O 20. Rxe6 Nf6 21. Qc5+ Kb8 22. Rhe1 Qxg2 23. R6e2 Qd5 24. Qc3 Rhe8 0-1

[Event "Landesklasse Ost 2024/25"]
[Site "?"]
[Date "2025.05.11"]
[Round "9.4"]
[White "Eichhorn, Mathilda"]
[Black "Krömer, Emanuel"]
[Result "0-1"]
[WhiteElo "1718"]
[BlackElo "1785"]
[PlyCount "60"]
[EventDate "2024.09.15"]
[EventType "team-tourn"]
[EventRounds "9"]
[WhiteTeam "SV Schott Jena 2"]
[BlackTeam "SSV Vimaria 91 Weimar 2"]

{[%evp 0,60,27,24,31,42,59,70,61,64,57,3,46,42,23,26,30,-29,-10,-14,-16,-12,-8,-16,-5,-30,13,-5,0,-6,33,22,34,2,23,32,12,-84,23,65,65,1,24,-48,2,3,150,-103,276,76,75,-111,-98,-253,-382,-399,-297,-346,-463,-855,-907,-946,-1031]} 1. e4 d5 2. exd5 Qxd5 3. Nc3 Qa5 4. d4 Nf6 5. Bd2 Bg4 6. Be2 Bxe2 7. Ngxe2 Nc6 8. Qc1 O-O-O 9. Be3 h6 10. a3 Qf5 11. Ng3 Qg4 12. Nce2 g5 13. f3 Qe6 14. Qd2 Nd5 15. Bf2 f5 16. b3 Bg7 17. Nh5 Bf6 18. c4 Nf4 19. Nhxf4 gxf4 20. O-O-O Qd6 21. Kb2 Nxd4 22. Bxd4 Qe6 23. Nxf4 Qd6 24. Ne2 c5 25. Kc3 cxd4+ 26. Nxd4 Qxa3 27. Qf4 Qa5+ 28. Kb2 Rd7 29. Kc2 Qa2+ 30. Kd3 Rxd4+ 0-1

[Event "Landesklasse Ost 2024/25"]
[Site "?"]
[Date "2025.05.11"]
[Round "9.6"]
[White "Jordan, Gunter"]
[Black "Petigt, Falk"]
[Result "1-0"]
[WhiteElo "1785"]
[BlackElo "1722"]
[PlyCount "54"]
[EventDate "2024.09.15"]
[EventType "team-tourn"]
[EventRounds "9"]
[WhiteTeam "SV Schott Jena 2"]
[BlackTeam "SSV Vimaria 91 Weimar 2"]

1. d4 f5 2. Nf3 Nf6 3. g3 g6 4. Bg2 Bg7 5. c4 O-O 6. Nc3 d6 7. O-O Qe8 8. Qb3 c6 9. c5+ Kh8 10. cxd6 exd6 11. Bf4 Qe7 12. Qa3 Rd8 13. Rfe1 Na6 14. Rad1 b5 15. Qa5 Bb7 16. d5 cxd5 17. Qxb5 Rab8 18. Nd4 Nc5 19. Nc6 Bxc6 20. Qxc6 Rb6 21. Nxd5 Nxd5 22. Qxd5 Na4 23. e4 fxe4 24. Rxe4 Qf8 25. Rxa4 Rxb2 26. Rxa7 h6 27. h4 Qe8 1-0

[Event "Landesklasse Ost 2024/25"]
[Site "?"]
[Date "2025.05.11"]
[Round "9.7"]
[White "Berbig, Georg"]
[Black "Hirsch, Tilo"]
[Result "1-0"]
[WhiteElo "1542"]
[BlackElo "1711"]
[PlyCount "70"]
[EventDate "2024.09.15"]
[EventType "team-tourn"]
[EventRounds "9"]
[WhiteTeam "SSV Vimaria 91 Weimar 2"]
[BlackTeam "SV Schott Jena 2"]

1. e4 d6 2. d4 Nf6 3. Nc3 g6 4. Nf3 Bg7 5. Be3 O-O 6. h3 Nbd7 7. Qd2 c6 8. Bd3 b5 9. Bh6 Bb7 10. Bxg7 Kxg7 11. O-O-O Qa5 12. h4 b4 13. Nb1 h5 14. a3 c5 15. e5 Nd5 16. Rhe1 Qc7 17. e6 N5f6 18. exd7 Qxd7 19. dxc5 Rac8 20. axb4 dxc5 21. bxc5 Rxc5 22. Qb4 Qc7 23. Nc3 Rb8 24. Qd4 Rd8 25. Qe3 e6 26. Ng5 Ng4 27. Qxe6 Qf4+ 28. Kb1 Rd6 29. Qb3 Rb6 30. Qa3 Qc7 31. Na4 Ra5 32. Qc3+ Qxc3 33. Nxc3 Nxf2 34. Rd2 Ng4 35. Re7 Rba6 1-0

[Event "Landesklasse Ost 2024/25"]
[Site "?"]
[Date "2025.05.11"]
[Round "9.8"]
[White "Falk, Peter"]
[Black "Kalinin, Alexej"]
[Result "1/2-1/2"]
[WhiteElo "1502"]
[BlackElo "1505"]
[PlyCount "59"]
[EventDate "2024.09.15"]
[EventType "team-tourn"]
[EventRounds "9"]
[WhiteTeam "SV Schott Jena 2"]
[BlackTeam "SSV Vimaria 91 Weimar 2"]

{[%evp 0,59,21,14,80,67,67,31,36,46,36,25,29,42,42,44,52,52,53,49,52,24,33,29,29,50,48,10,10,-24,-17,-74,-29,-79,-72,-72,-64,-56,-60,-91,-86,-100,-87,-87,-84,-62,-47,-56,-58,-40,-36,-50,-2,-43,-33,-45,-65,-51,-12,-12,8,9]} 1. e4 c6 2. d4 d5 3. Nc3 dxe4 4. Nxe4 Nf6 5. Nxf6+ exf6 6. Nf3 Bd6 7. Bd3 O-O 8. O-O Re8 9. c3 Nd7 10. Be3 Nf8 11. h3 Bc7 12. c4 Qd6 13. c5 Qd5 14. Nd2 Be6 15. Qf3 Qd7 16. Bf4 Bxf4 17. Qxf4 Ng6 18. Bxg6 fxg6 19. Nf3 g5 20. Qd2 g4 21. hxg4 Bxg4 22. Qc3 Bxf3 23. Qxf3 Qxd4 24. Qb3+ Kh8 25. Rfe1 Red8 26. Qf7 Qxc5 27. Re7 Rg8 28. Rxb7 Raf8 29. Qe7 Qxe7 30. Rxe7 1/2-1/2

[Event "Landesklasse Ost 2024/25"]
[Site "?"]
[Date "2025.05.11"]
[Round "9.1"]
[White "Buring, Matthias"]
[Black "Besancon, Pascal"]
[Result "1-0"]
[WhiteElo "2000"]
[BlackElo "1867"]
[PlyCount "59"]
[EventDate "2024.09.15"]
[EventType "team-tourn"]
[EventRounds "9"]
[WhiteTeam "SG Arnstadt-Stadtilm"]
[BlackTeam "Schachklub Weida"]

{[%evp 0,59,21,21,60,65,65,18,18,23,23,8,8,0,27,27,35,-5,35,35,95,95,93,93,93,93,144,120,144,120,168,132,137,133,164,163,155,133,115,115,262,260,273,281,347,361,412,420,433,445,431,419,439,447,451,456,456,456,455,460,460,454]} 1. d4 d6 2. e4 Nf6 3. Bd3 e5 4. c3 d5 5. dxe5 Nxe4 6. Bxe4 dxe4 7. Qxd8+ Kxd8 8. Ne2 Nc6 9. Bf4 Bc5 10. Nd2 e3 11. fxe3 Bg4 12. Nd4 Ne7 13. h3 Bd7 14. Ne4 Bb6 15. O-O-O Kc8 16. Ng5 Be8 17. e6 f6 18. Nf7 Bxf7 19. exf7 Bxd4 20. Rxd4 Nc6 21. Re4 b6 22. Rd1 g5 23. Bg3 Rf8 24. Re8+ Kb7 25. Rd7 Rxf7 26. Rxf7 Rxe8 27. Rxc7+ Ka6 28. Rxc6 Rxe3 29. Bf2 Re2 30. Rxf6 1-0

[Event "Landesklasse Ost 2024/25"]
[Site "?"]
[Date "2025.05.11"]
[Round "9.2"]
[White "Künzel, Andre"]
[Black "Sauer, Marko"]
[Result "1/2-1/2"]
[WhiteElo "1970"]
[BlackElo "2033"]
[PlyCount "106"]
[EventDate "2024.09.15"]
[EventType "team-tourn"]
[EventRounds "9"]
[WhiteTeam "Schachklub Weida"]
[BlackTeam "SG Arnstadt-Stadtilm"]

{[%evp 0,106,21,21,21,13,53,51,65,31,27,19,44,46,63,65,63,63,69,60,102,85,63,71,51,43,67,68,69,46,37,40,36,30,30,31,37,32,41,34,34,7,31,52,55,4,135,106,136,50,45,79,103,102,102,87,152,144,147,144,144,110,141,128,135,125,135,125,125,98,87,60,30,25,104,105,126,142,207,206,218,231,226,229,232,117,105,108,109,38,4,0,0,0,0,0,0,0,0,0,0,0,0,0,0,262,333,0,0]} 1. d4 Nf6 2. Nf3 c5 3. d5 d6 4. c4 e5 5. Nc3 Be7 6. e4 Nbd7 7. Bd3 O-O 8. O-O Ne8 9. Ne1 g6 10. f4 exf4 11. Bxf4 Bg5 12. Bg3 Bf6 13. Nf3 Qe7 14. Qe2 Ne5 15. Nxe5 Bxe5 16. Bxe5 Qxe5 17. Rae1 Nf6 18. h3 Nh5 19. Qe3 Bd7 20. Rf3 Rae8 21. g4 Ng7 22. Qf4 f5 23. Qxe5 Rxe5 24. gxf5 gxf5 25. Ref1 Rf6 26. Kh2 a6 27. Nd1 Rh6 28. exf5 Ne8 29. Ne3 Nf6 30. Rg1+ Kf7 31. b3 Rh5 32. Rg2 Ne4 33. Re2 Nf6 34. Rf4 Rg5 35. Ng4 Nxg4+ 36. hxg4 Rxe2+ 37. Bxe2 h5 38. gxh5 Rxf5 39. Kg3 Kf6 40. Bg4 Rxf4 41. Kxf4 Be8 42. h6 Bg6 43. Bf3 Bb1 44. Be4 Bxa2 45. Bc2 b5 46. h7 Kg7 47. cxb5 axb5 48. Kf5 b4 49. Ke6 c4 50. bxc4 Bxc4 51. Kxd6 b3 52. Bb1 b2 53. Kc6 Bxd5+ 1/2-1/2

[Event "Landesklasse Ost 2024/25"]
[Site "?"]
[Date "2025.05.11"]
[Round "9.3"]
[White "Heß, Jürgen"]
[Black "Schlierf, Andre"]
[Result "1-0"]
[WhiteElo "1855"]
[BlackElo "1779"]
[PlyCount "201"]
[EventDate "2024.09.15"]
[EventType "team-tourn"]
[EventRounds "9"]
[WhiteTeam "SG Arnstadt-Stadtilm"]
[BlackTeam "Schachklub Weida"]

{[%evp 0,201,19,38,40,41,66,77,66,55,55,20,79,40,29,30,30,21,24,12,40,49,92,77,89,65,72,42,39,49,51,48,58,48,62,59,62,52,62,57,71,71,84,87,86,84,70,66,81,82,79,50,49,20,88,48,95,46,82,27,92,43,115,97,106,111,107,107,107,107,107,103,107,107,107,107,117,107,122,122,122,122,124,124,122,114,122,124,124,119,124,117,124,124,124,124,123,102,124,82,122,119,122,119,122,119,119,119,119,119,119,119,119,119,119,119,119,117,119,122,117,46,88,91,76,76,81,81,82,84,78,82,88,111,131,131,155,87,84,89,82,84,89,89,97,86,133,133,174,126,133,119,126,84,133,126,126,104,114,71,33,0,89,93,128,84,104,84,86,105,126,128,126,0,0,0,0,0,0,0,0,0,0,-3,0,0,9,11,11,11,11,9,520,654,962,962,970,1016,1016,1022,1150,1361,1785,1894]} 1. e4 c5 2. Nf3 d6 3. d4 cxd4 4. Nxd4 Nf6 5. Nc3 a6 6. Be2 e5 7. Nf3 Be7 8. O-O Be6 9. Ng5 Qc8 10. Nxe6 Qxe6 11. b3 O-O 12. Bc4 Qc8 13. Nd5 Nxd5 14. Bxd5 Nd7 15. c4 Nf6 16. Be3 Nxd5 17. Qxd5 Qc6 18. Rfd1 Rac8 19. f3 Qxd5 20. Rxd5 Rc6 21. Rad1 Rfc8 22. Kf1 f6 23. Ke2 Kf7 24. a4 Ke6 25. Bc1 g6 26. g4 Rb8 27. Ba3 b6 28. Bc1 g5 29. h4 h6 30. Rh1 Bf8 31. Bd2 Rc5 32. Be3 Rc6 33. Kd3 Rb7 34. h5 Be7 35. Bd2 Rc5 36. Be3 Rc6 37. Rc1 Rb8 38. Rc3 a5 39. Kc2 Bd8 40. Rcd3 Be7 41. Rb5 Bd8 42. Rdd5 Ra8 43. Rd1 Rac8 44. Bc1 R8c7 45. Ba3 Be7 46. Bc1 Bd8 47. Bd2 Rc8 48. Bc3 Bc7 49. Bb2 Bd8 50. Rbd5 Be7 51. Ba3 R8c7 52. Kb2 Rc8 53. Rc1 R8c7 54. Kc3 Rc8 55. Kd3 Ra8 56. Rb5 Kd7 57. Rc2 Bd8 58. Bc1 Rc5 59. Be3 Rc6 60. b4 Bc7 61. bxa5 Rxa5 62. Rxa5 bxa5 63. Rb2 Ra6 64. Rb5 Kc6 65. Rd5 Ra8 66. c5 Ra6 67. Kc4 Ra8 68. Bd2 dxc5 69. Rxc5+ Kd6 70. Be3 Rb8 71. Rb5 Rc8 72. Rd5+ Kc6 73. Bc5 Re8 74. Bf2 Rb8 75. Be1 Ra8 76. Bd2 Ra6 77. Bc1 Ra8 78. Rc5+ Kd7 79. Kd5 Ra6 80. Bb2 Rd6+ 81. Kc4 Ra6 82. Bc3 Kd6 83. Bd2 Ra8 84. Bc1 Kd7 85. Ba3 Re8 86. Kd5 Bd6 87. Rc3 Bxa3 88. Rxa3 Rb8 89. Kc5 Rb4 90. Rd3+ Ke7 91. Rc3 Rxa4 92. Kb5 Rd4 93. Kxa5 Rd1 94. Kb5 Rd8 95. Rc7+ Rd7 96. Kc6 Rxc7+ 97. Kxc7 Ke6 98. Kd8 Kf7 99. Kd7 Kf8 100. Ke6 Kg7 101. Ke7 1-0

[Event "Landesklasse Ost 2024/25"]
[Site "?"]
[Date "2025.05.11"]
[Round "9.4"]
[White "Schumann, Robert"]
[Black "Kaiser, Markus"]
[Result "0-1"]
[WhiteElo "1852"]
[BlackElo "1742"]
[PlyCount "90"]
[EventDate "2024.09.15"]
[EventType "team-tourn"]
[EventRounds "9"]
[WhiteTeam "Schachklub Weida"]
[BlackTeam "SG Arnstadt-Stadtilm"]

{[%evp 0,90,38,20,25,24,31,20,17,20,20,-6,21,16,34,29,22,22,23,18,27,-26,-3,-18,19,0,-6,3,4,-10,-10,38,63,-202,-237,-236,-243,-290,-231,-399,-439,-429,-439,-466,-335,-433,-379,-383,-398,-403,-430,-476,-374,-436,-330,-329,-329,-337,-318,-327,-338,-415,-416,-443,-447,-449,-461,-456,-465,-519,-504,-535,-589,-609,-626,-650,-667,-686,-694,-694,-710,-1367,-1617,-1757,-1393,-1450,-2005,-29995,-29990,-29995,-29996,-29997,-29998]} 1. d4 d5 2. Nf3 Nf6 3. e3 e6 4. Bd3 Bd6 5. Nbd2 Nbd7 6. O-O e5 7. e4 O-O 8. exd5 exd4 9. Nc4 Nb6 10. Nxb6 axb6 11. Bc4 Bc5 12. Bg5 h6 13. Bh4 g5 14. Bg3 Nxd5 15. Nxd4 Ra4 16. b3 Rxc4 17. bxc4 Nc3 18. Qh5 Bxd4 19. Rad1 Nxd1 20. Rxd1 Qf6 21. h4 Bc5 22. Rd5 Qg6 23. Qxg6+ fxg6 24. hxg5 c6 25. Re5 Bd6 26. Re3 Bxg3 27. Rxg3 hxg5 28. Rxg5 Kg7 29. Re5 Bf5 30. c5 Kf6 31. f4 bxc5 32. Rxc5 Ra8 33. c3 Rxa2 34. Rc4 Rc2 35. Kh2 Be6 36. Rb4 b5 37. Kg3 Rxc3+ 38. Kh4 Rc4 39. Rb2 g5+ 40. Kh5 Rxf4 41. g3 Rf1 42. Rh2 g4 43. Kh4 Rd1 44. Rf2+ Bf5 45. Rh2 Rd7 0-1

[Event "Landesklasse Ost 2024/25"]
[Site "?"]
[Date "2025.05.11"]
[Round "9.5"]
[White "Grkinic, Goran"]
[Black "Wagner, Uwe"]
[Result "1-0"]
[WhiteElo "1889"]
[BlackElo "1701"]
[PlyCount "127"]
[EventDate "2024.09.15"]
[EventType "team-tourn"]
[EventRounds "9"]
[WhiteTeam "SG Arnstadt-Stadtilm"]
[BlackTeam "Schachklub Weida"]

{[%evp 0,127,38,26,41,23,36,28,27,18,14,12,18,-2,3,-14,-5,-38,-16,-19,20,-25,32,24,25,-5,55,57,57,-20,11,-7,12,11,15,-32,-35,-38,-38,-18,-9,-48,-53,-53,-51,-55,-24,-27,-28,-28,-36,-11,-10,-23,8,-43,8,-21,-18,-20,-29,-33,-29,-34,54,53,50,11,51,42,65,57,95,95,119,123,132,123,139,129,130,144,154,138,143,88,78,82,84,106,127,86,93,86,94,98,113,121,121,127,176,171,197,195,196,169,173,169,236,13,271,174,199,436,517,507,527,527,598,677,776,638,992,1002,1002,1004,1002,1010,28761,1016]} 1. Nf3 e6 2. g3 b6 3. Bg2 Bb7 4. c4 c5 5. Nc3 Nf6 6. d3 Be7 7. Bg5 O-O 8. Qc2 a6 9. O-O d5 10. Nd2 Qd7 11. Na4 Qc7 12. cxd5 Bxd5 13. Bxf6 Bxf6 14. Ne4 Bd8 15. Rac1 Ra7 16. Nac3 Ba8 17. Qb1 f5 18. Nd2 Bxg2 19. Kxg2 Qc6+ 20. Nf3 Nd7 21. Kg1 Bf6 22. Nd1 Qd6 23. Ne3 Ne5 24. Nxe5 Qxe5 25. Nc4 Qb8 26. a4 Raf7 27. Qa2 Kh8 28. Qb3 Rb7 29. Ne3 Qd6 30. Rc2 Rfb8 31. Qc4 h6 32. Qxa6 f4 33. Ng2 fxg3 34. hxg3 Rf7 35. Qc4 Rbf8 36. Nf4 Bd4 37. Qxe6 Qxe6 38. Nxe6 Rxf2 39. Rxf2 Bxf2+ 40. Kg2 Rf6 41. e4 Bxg3 42. Nxg7 Kxg7 43. Kxg3 Rd6 44. Rc3 Rd4 45. b3 Kf6 46. Kf4 h5 47. Ke3 Rb4 48. a5 bxa5 49. Rxc5 Rxb3 50. Rxh5 a4 51. Ra5 Ra3 52. Kd4 Ke6 53. Ra6+ Kd7 54. Kc5 Ra1 55. d4 a3 56. e5 Ke7 57. Kd5 a2 58. Ra7+ Ke8 59. Ke6 Kd8 60. d5 Kc8 61. d6 Kb8 62. d7 Kxa7 63. d8=Q Kb7 64. Qd4 1-0

[Event "Landesklasse Ost 2024/25"]
[Site "?"]
[Date "2025.05.11"]
[Round "9.6"]
[White "Heine, Mario"]
[Black "Degel, Steven"]
[Result "1/2-1/2"]
[WhiteElo "1717"]
[BlackElo "1590"]
[PlyCount "43"]
[EventDate "2024.09.15"]
[EventType "team-tourn"]
[EventRounds "9"]
[WhiteTeam "Schachklub Weida"]
[BlackTeam "SG Arnstadt-Stadtilm"]

{[%evp 0,43,28,26,25,12,11,6,1,17,38,54,42,30,76,52,33,28,25,24,22,10,198,66,76,41,113,102,81,57,39,31,30,11,5,17,36,18,18,2,-7,-134,-131,-133,4,-33]} 1. e4 e5 2. Nc3 Nf6 3. Nf3 Nc6 4. Bc4 h6 5. d4 exd4 6. Nxd4 Ne5 7. Bb3 Bb4 8. O-O O-O 9. Nd5 Nxd5 10. exd5 c6 11. c3 Bc5 12. Bf4 Ng6 13. Bg3 Qf6 14. Nf3 d6 15. dxc6 bxc6 16. Qd2 h5 17. h4 Bg4 18. Ng5 d5 19. Bd1 Ne5 20. Qf4 Qxf4 21. Bxf4 Ng6 22. Bg3 1/2-1/2

[Event "Landesklasse Ost 2024/25"]
[Site "?"]
[Date "2025.05.11"]
[Round "9.7"]
[White "Feuerpfeil, Tyler Joel"]
[Black "Urban, Bernd"]
[Result "1/2-1/2"]
[WhiteElo "1556"]
[BlackElo "1690"]
[PlyCount "48"]
[EventDate "2024.09.15"]
[EventType "team-tourn"]
[EventRounds "9"]
[WhiteTeam "SG Arnstadt-Stadtilm"]
[BlackTeam "Schachklub Weida"]

{[%evp 0,48,25,20,20,-4,0,-18,-3,19,17,21,35,11,15,15,35,14,28,13,49,25,21,-33,-46,-38,-33,-182,-49,-47,-54,-46,-26,-106,-68,-175,-69,-122,-101,-109,-125,-139,-80,-104,-121,-113,-85,-161,-27,-62,-85]} 1. d4 d5 2. c4 e6 3. Nf3 Nf6 4. Nc3 Be7 5. Bg5 h6 6. Bh4 O-O 7. e3 a6 8. Qc2 dxc4 9. Bxc4 b5 10. Bd3 Bb7 11. e4 Nc6 12. e5 Nb4 13. Qe2 Nxd3+ 14. Qxd3 Nd7 15. Bxe7 Qxe7 16. h4 c5 17. Ng5 g6 18. Nge4 Rad8 19. f4 cxd4 20. Qxd4 f6 21. Qd6 Qxd6 22. Nxd6 Ba8 23. h5 fxe5 24. hxg6 exf4 1/2-1/2

[Event "Landesklasse Ost 2024/25"]
[Site "?"]
[Date "2025.05.11"]
[Round "9.8"]
[White "Pillot, Franz"]
[Black "Marufke, Kai"]
[Result "1/2-1/2"]
[WhiteElo "1261"]
[BlackElo "1683"]
[PlyCount "43"]
[EventDate "2024.09.15"]
[EventType "team-tourn"]
[EventRounds "9"]
[WhiteTeam "Schachklub Weida"]
[BlackTeam "SG Arnstadt-Stadtilm"]

{[%evp 0,43,28,23,11,6,17,17,17,17,22,23,16,29,26,-3,5,-19,14,1,29,-12,-16,-14,-28,-49,-16,-16,-18,-1,2,-6,-2,-5,-7,-2,9,-17,-2,-15,-11,6,6,13,9,9]} 1. e4 e5 2. Nf3 Nc6 3. Bc4 Nf6 4. d3 Be7 5. O-O O-O 6. a3 d6 7. h3 Be6 8. Nbd2 Bxc4 9. Nxc4 Nd7 10. Nh2 f5 11. exf5 Rxf5 12. f4 Qf8 13. fxe5 Ndxe5 14. Nxe5 Nxe5 15. Bd2 Rxf1+ 16. Qxf1 Qxf1+ 17. Rxf1 Rf8 18. Re1 Bf6 19. b3 Kf7 20. d4 Nc6 21. c3 Re8 22. Rxe8 1/2-1/2

[Event "Landesklasse Ost 2024/25"]
[Site "?"]
[Date "2025.05.11"]
[Round "9.1"]
[White "Tobal, Elias"]
[Black "Greiner, Timo"]
[Result "1/2-1/2"]
[WhiteElo "1956"]
[BlackElo "2024"]
[PlyCount "46"]
[EventDate "2024.09.15"]
[EventType "team-tourn"]
[EventRounds "9"]
[WhiteTeam "SC Turm Erfurt"]
[BlackTeam "SV Thuringia Königsee"]

{[%evp 0,14,16,28,44,46,41,45,48,29,20,-10,24,24,27,-15,14]} 1. e4 c5 2. Nc3 Nc6 3. Nf3 Nf6 4. Bc4 e6 5. Qe2 d6 6. d3 a6 7. a3 Be7 8. O-O O-O 9. Bg5 Nxe4 10. Nxe4 d5 11. Bxe7 Qxe7 12. Ba2 dxe4 13. Qxe4 Qf6 14. c3 Qg6 15. Qe3 b6 16. Rad1 Bb7 17. Bb1 Ne5 18. Ne1 Qh5 19. f3 Rad8 20. Nc2 Ng6 21. d4 Qd5 22. Qf2 Nf4 23. Kh1 Qg5 1/2-1/2

[Event "Landesklasse Ost 2024/25"]
[Site "?"]
[Date "2025.05.11"]
[Round "9.2"]
[White "Kreutzmann, Henry"]
[Black "McLeod, Andrew"]
[Result "0-1"]
[WhiteElo "1801"]
[BlackElo "1838"]
[PlyCount "58"]
[EventDate "2024.09.15"]
[EventType "team-tourn"]
[EventRounds "9"]
[WhiteTeam "SV Thuringia Königsee"]
[BlackTeam "SC Turm Erfurt"]

{[%evp 0,58,19,-12,-27,-33,-27,-19,-14,-26,-23,-19,-23,-4,14,19,31,-71,34,-55,6,-7,25,1,4,-7,-1,-19,-14,-55,-33,-71,-29,-44,-47,-53,-56,-88,-70,-81,-89,-102,-108,-111,-131,-186,-184,-182,-147,-203,-203,-242,-156,-175,-153,-252,-252,-394,-400,-1035,-1385]} 1. c4 e5 2. Nc3 Nf6 3. Nf3 Nc6 4. e3 Bb4 5. Be2 Bxc3 6. bxc3 e4 7. Nd4 Ne5 8. Qc2 O-O 9. O-O d6 10. f4 Ned7 11. Ba3 Nc5 12. Rab1 b6 13. Rfe1 Bb7 14. Bf1 Re8 15. h3 h5 16. Nb3 Rb8 17. Nxc5 dxc5 18. Qd1 h4 19. Qe2 Bc6 20. Rbd1 Qe7 21. Kh2 Rbd8 22. g4 hxg3+ 23. Kxg3 g6 24. Bg2 Ba4 25. Rb1 Rd3 26. Bc1 Kg7 27. Qf2 Rh8 28. Rh1 g5 29. fxg5 Qe5+ 0-1

[Event "Landesklasse Ost 2024/25"]
[Site "?"]
[Date "2025.05.11"]
[Round "9.3"]
[White "Schade, Holger"]
[Black "Möller, Frank"]
[Result "1/2-1/2"]
[WhiteElo "1770"]
[BlackElo "1856"]
[PlyCount "52"]
[EventDate "2024.09.15"]
[EventType "team-tourn"]
[EventRounds "9"]
[WhiteTeam "SC Turm Erfurt"]
[BlackTeam "SV Thuringia Königsee"]

{[%evp 0,52,26,34,27,-11,31,27,42,10,45,8,47,50,50,33,28,26,30,30,38,38,32,33,32,13,7,8,0,23,16,11,26,33,27,20,23,0,4,10,0,-19,0,2,0,-20,-3,-9,8,-20,8,9,27,23,24]} 1. d4 d5 2. c4 c6 3. Nf3 Nf6 4. Nc3 e6 5. Bg5 Be7 6. e3 O-O 7. Qc2 Nbd7 8. Bd3 h6 9. Bh4 dxc4 10. Bxc4 Nd5 11. Bxe7 Qxe7 12. a3 b6 13. O-O Bb7 14. Nxd5 cxd5 15. Bd3 Rac8 16. Qa4 a5 17. Rac1 Qd6 18. Qb3 Rc7 19. Rc2 Rxc2 20. Bxc2 Rc8 21. Qd3 Nf6 22. Bb1 b5 23. Qd2 b4 24. Rc1 Rxc1+ 25. Qxc1 Qc6 26. Qxc6 Bxc6 1/2-1/2